| 000 | 01617nam0a2200337 4500 | ||
|---|---|---|---|
| 001 | RU\NLR\b_ik\92403 | ||
| 005 | 20250616224740.0 | ||
| 035 | _a(NLR Aleph) 002166452 | ||
| 090 |
_a2595464 _c2595464 |
||
| 100 | _a20021110d2001 |||y0rusy50 ca | ||
| 101 | 0 |
_aeng _drus |
|
| 102 | _aRU | ||
| 105 | _aa ||||||||| | ||
| 200 | 1 |
_aOn small-angle neutron scattering from microemulsion droplets: the role of shape fluctuations _fV. Lisy, B. Brutovsky |
|
| 210 |
_aDubna _cJoint inst. for nuclear research _d2001 |
||
| 215 |
_a18 с. _cил. _d22 |
||
| 225 | 1 |
_aСообщения Объединенного института ядерных исследований, Дубна _vЕ17-2001-166 |
|
| 300 | _aНа 3-й с. обл.: О малоугловом рассеянии нейтронов на каплях микроэмульсии: роль флуктуаций формы капель / Лисы В., Брутовски Б. | ||
| 300 | _aРез. на рус. яз. | ||
| 320 | _aБиблиогр.: с. 17-18 (27 назв.) | ||
| 517 | 0 | _aО малоугловом рассеянии нейтронов на каплях микроэмульсии: роль флуктуаций формы капель | |
| 606 | 0 |
_aНейтроны _xРассеяние в жидкости _91718509 _3RU\NLR\AUTH\66766680 |
|
| 606 | 0 |
_aКапли жидкости _91092954 _3RU\NLR\AUTH\66429036 |
|
| 686 | 4 | _aВ386.2 | |
| 686 | 4 | _aВ365.31 | |
| 700 | 1 |
_aLisý _bV. _4070 |
|
| 701 | 1 |
_aBrutovsky _bB. _4070 |
|
| 801 | 0 |
_aRU _bNLR _c20021110 _gPSBO |
|
| 942 | _cBOOK | ||
| 980 | _aNB | ||